MLB Teams by Nickname - Statistics

General Stats
  • This quiz has been taken 153 times
  • The average score is 17 of 22
Answer Stats
Nickname Team % Correct
Redbirds St. Louis Cardinals
98%
BoSox Boston Red Sox
93%
ChiSox Chicago White Sox
93%
Bluebirds Toronto Blue Jays
93%
O's Baltimore Orioles
92%
Snakes Arizona Diamondbacks
88%
Stros Houston Astros
88%
Halos Los Angeles Angels
84%
Little Bears Chicago Cubs
83%
Tribe Cleveland Guardians
80%
Fish Miami Marlins
79%
Pinstripes New York Yankees
78%
Yankees of the West Los Angeles Dodgers
73%
Bucs Pittsburgh Pirates
72%
M's Seattle Mariners
72%
Crew Milwaukee Brewers
68%
Boys from the Bay San Francisco Giants
68%
Cats Detroit Tigers
67%
King of Queens New York Mets
63%
Friars San Diego Padres
59%
Mantas Tampa Bay Rays
59%
BombaSquad Minnesota Twins
30%
No matching quizzes found
Score Distribution
Percent of People with Each Score
Percentile by Number Answered
Your Score History
You have not taken this quiz